00189nam a22000857a 4500082001900000100002600019245002600045260002300071300000900094 a891.4391 HAZ'S aSALIK, S|EHSAN ELLAHI aHAZOOR SHAIRA MUSHRIQ aLAHOREbAZIZc1977 a208P